00754nam a2200181 i 450000100060000000300090000600500170001500700030003200800410003510000800007624501380015626000550029430000260034965000390037585200210041499900170043595201200045236861ES-MaACL20250804045258.0t|030219s1905 sp |||| | spa d1 aBullón y Fernández, Eloy,cMarqués de Selva Alegre,d1879-195793252310aDe los orígenes de la filosofía moderna b: los precursores españoles de Bacon y Descartes / cpor Eloy Bullón y Fernández. aSalamanca : b[s.n., c1905] (fImp. de Calatrava) aXI, 250 p. ; c19 cm. 7aFilosofía moderna2embne9144498 aES-MaACLjF-9984 c36861d36861 00104070aATENEOMbATENEOMcSPP2d2008-01-17eSCl0oF-9984p1038765r2023-02-23 00:00:00w2023-02-23yMONOGRAFIA